FUA 2012-2013: Fakulta Umeni a Architektury
Guardat en:
| Autor principal: | |
|---|---|
| Format: | Llibre |
| Idioma: | txec anglès |
| Publicat: |
Technical University of Liberec
2012
|
| Edició: | 1a. ed |
| Matèries: | |
| Etiquetes: |
Afegir etiqueta
Sense etiquetes, Sigues el primer a etiquetar aquest registre!
|
MARC
| LEADER | 00000cam a2200000 a 4500 | ||
|---|---|---|---|
| 001 | UCE6113 | ||
| 003 | CL-VaPUC | ||
| 008 | 150326e20120000xr |||||||||||||||||cze|d | ||
| 020 | |a 9788073729745 | ||
| 041 | 0 | 7 | |a cze |2 CL-VaPUC |
| 041 | 0 | 7 | |a eng |2 CL-VaPUC |
| 082 | 0 | 4 | |a 720 |b FRA |2 21 |
| 100 | 0 | |a Fránek, Zdenek |e author |9 578783 | |
| 245 | 1 | 0 | |a FUA 2012-2013: Fakulta Umeni a Architektury |
| 246 | 1 | 0 | |a FUA 2012-2013: Faculty of Art and Architecture |
| 250 | |a 1a. ed | ||
| 300 | |a 487 p | ||
| 942 | |c BK | ||
| 945 | |d 20150326 13:02:00 |a dcastane | ||
| 260 | |b Technical University of Liberec |c 2012 | ||
| 650 | 0 | |a Arquitectura |9 804558 | |
| 650 | 0 | |a Urbanismo |9 255208 | |
| 583 | |a last modification |c 20150327 12:03:46 |k Rodrigo Vera | ||
| 999 | |c 358562 |d 358560 | ||
| 952 | |0 0 |1 0 |3 erb |4 0 |6 720_000000000000000_FRA_2012 |7 0 |8 A |9 467358 |a BIBARQ |b BIBARQ |i 5142032 |l 1 |m 1 |o 720 FRA 2012 |p 5142032 |r 2025-01-20 |s 2024-10-15 |w 2019-11-23 |y BK |z Catalogado en:20150326 |k ARQ | ||